000
00309 a2200145 4500
001
167290
020
_a
040
_c
Magnum
100
_a
Neves, Maria Helena de Moura
240
1
0
_a
A gramatica funcional
_l
por
245
1
0
_a
A gramatica funcional
362
0
_a
1899
697
_a
GRAMATICA
942
_c
BK
999
_c
167290
_d
167290